000 00765nam a22002537a 4500
001 BR6010648
003 BR-BrBNA
005 20230928083336.0
007 ta
008 230509b bl.||||| |||| 00| 0 por d
040 _aBR-BrBNA
_bpor
_cBiblioteca Nacional de Agricultura
041 _a(Por)
072 _aD10; E50
090 _ D10 BR6010648
110 1 _aMinisterio da Agricultura, Brasilia, DF (Brasil). Depto. de Pessoal
_96782
245 1 _aCurso de nocoes gerais de administracao e relacoes humanas. Item 2. Organizacao e Metodos
260 3 _aBrasilia, DF (Brasil):
_c[nd].
300 _a23 p.
650 _aADMINISTRACAO DE EMPRESA
650 _aPLANEJAMENTO
650 _aRECURSO HUMANO
909 _a202309
_bLucia
_c55
_dLucia Elande
942 _cBK
999 _c12905
_d12905